[Event "Pinamar U2200 op"]
[Site "Pinamar"]
[Date "2015.11.08"]
[Round "6.3"]
[White "Secul, Juan"]
[Black "Gomez, Gustavo"]
[Result "1-0"]
[WhiteElo "1769"]
[BlackElo "1723"]
[PlyCount "51"]
[EventDate "2015.11.07"]
[EventType "swiss"]
[EventRounds "6"]
[EventCountry "ARG"]
[SourceTitle "EXT 2024"]
[Source "ChessBase"]
[SourceDate "2023.10.10"]
[SourceVersion "1"]
[SourceVersionDate "2023.10.10"]
[SourceQuality "1"]

1. e4 c6 2. d4 d5 3. Nc3 dxe4 4. Nxe4 Bf5 5. Ng3 Bg6 6. Nf3 Nd7 7. h4 h6 8. h5 Bh7 9. Bd3 Bxd3 10. Qxd3 Ngf6 11. Bd2 e6 12. a3 Bd6 13. 0-0-0 b5 14. Ne4 Be7 15. Bf4 Nxe4 16. Qxe4 Qb6 17. Ne5 Nxe5 18. Bxe5 Bf6 19. Rh3 Rd8 20. Rhd3 Rd5 21. f4 Ke7 22. f5 Bg5+ 23. Kb1 exf5 24. Qxf5 f6 25. Qg6 Rf8 26. Bh2 1-0